000 01525cam a22004217a 4500
001 000092864
003 CHAP
005 20220329142908.0
008 050119d2004 mx a r 00110 spa d
010 _a89330
011 _a90302
035 _a100858
040 _cCHAP
090 _aTesis
100 0 0 _aGuzmán Alcántara, Bernabé.
_951911
245 1 0 _aDiseño de una máquina mezcladora de fertilizantes /
_c/por Bernabé Guzmán Alcántara y Edgar Osorio Sánchez.
260 _aChapingo, Méx. :
_bEl autor,
_c2004.
300 _a116 h. :
_bilus. ; gráfs.
502 _aTesis (Ing. Mecánico Agrícola) -- UACH. Departamento de Ingeniería Mecánica Agrícola
590 _aALEPH
_b10
_c20130110
_lUCH01
_h1503
590 _aBATCH-UPD
_b10
_c20130110
_lUCH01
_h0824
590 _aBATCH-UPD
_b10
_c20130410
_lUCH01
_h0501
590 _aBATCH-UPD
_b10
_c20130914
_lUCH01
_h1358
590 _aBATCH-UPD
_b10
_c20140324
_lUCH01
_h1447
590 _aBATCH-UPD
_b10
_c20141002
_lUCH01
_h0824
590 _aCONVERSION
_b10
_c20130109
_lUCH01
_h1349
590 _aE792CSJ
_b10
_c20130626
_lUCH01
_h1018
650 1 4 _aFertilizantes.
_940447
650 1 4 _aMaquinaria agrícola.
_971151
700 0 0 _aOsorio Sánchez, Edgar.
_984242
856 _3Finding aid
_uhttp://10.13.5.2/tesis/100858.pdf
_zTeclea aquí
901 _aBK
905 _aAlejandra Carrasco M.
942 _cCD
942 _n0
949 _aTesis
_bBC
_cTES
_d100858
_eTS1
_h42764
_i100858
_sb
949 _aTesis
_bBC
_cTES
_d33724000944575
_eTS2
_fc.2
_h42765
_i100858
_si
999 _c89330
_d89330